| 000 | 03194nam a2200337 4500 | ||
|---|---|---|---|
| 003 | EC-UNACH | ||
| 005 | 20260331155431.0 | ||
| 006 | s||||gr|||| 00| 00 | ||
| 008 | 150116t9999 mx r gr 000 0 spa d | ||
| 020 | _a978-9942-661-91-3 | ||
| 040 |
_aEC-UNACH _cEC-UNACH |
||
| 041 | _aspa | ||
| 082 | 0 | 4 |
_223 _a302.2 _bL018612 |
| 100 | _aAlarcón Copo, Camila Belén / Imbaquingo Choro, Roger Ricardo / Berrones Guevara, Adriana Nicole / Medina Parra Tanya Aracely / Erazo Rodríguez, Miriam Elizabeth / Bailón Sarango, Camila Belén / | ||
| 245 |
_aRedes sociales _bTransformando la comunicación digital |
||
| 250 | _aPrimera edición | ||
| 264 |
_aRiobamba - Ecuador _bUniversidad Nacional de Chimborazo _c2025 |
||
| 264 | _aProducción UNACH | ||
| 300 | _a240 páginas | ||
| 501 | _aEl libro Redes Sociales: Transformando la Comunicación Digital revisa los aspectos más relevantes que rodean a las redes sociales y su relación con la comunicación tanto personal como profesional. Desde su aparición, las redes sociales han transfigurado y propagado su dominio, cambiando las formas en que nos relacionamos y concebimos el mundo. Este texto ofrece a los lectores una perspectiva integral y minuciosa de cómo las redes sociales han avanzado e influido en diferentes ámbitos, y cómo pueden utilizarse de modo seguro en los ecosistemas digitales actuales. Los cinco capítulos que describe este libro reflexionan sobre el inicio de las redes sociales, estudian cuáles fueron las primeras plataformas que dieron origen a las actuales y cómo se aplican profesionalmente estrategias efectivas. La metodología utilizada es una revisión bibliográfica cerca del recorrido histórico que han tenido las redes sociales, evaluando, además, las tecnologías emergentes y su impacto en los diferentes sectores. A lo largo del texto se evidencian perspectivas interesantes, donde las redes sociales juegan un papel disruptivo, no solo en las nuevas lógicas de comunicación, sino en el rediseño de aspectos importantes para el marketing, la publicidad y las relaciones públicas. El libro examina un innúmero de técnicas interesantes de personalización de contenido, análisis de audiencias y gestión de crisis, resaltando la importancia de la comunicación estratégica para que la táctica utilizada sea acorde con el uso de estas potentes herramientas. | ||
| 505 | _aCapítulo 1: Historia y evolución de las redes sociales -- Capítulo 2: Estrategias de comunicación en redes sociales -- Capítulo 3: Influencia de los influencers y el marketing digital -- Capítulo4: Análisis de audiencias y personalización de contenidos -- Capítulo 5: Gestión de crisis y reputación en redes sociales. | ||
| 650 | _aTÉCNICAS DE MARKETING | ||
| 650 | _aCOMUNICACIÓN DIGITAL | ||
| 650 | _aSEGMENTACIÓN DE AUDIENCIA | ||
| 650 | _aMARKETING DE INFLUENCERS | ||
| 856 |
_uhttps://editorial.unach.edu.ec/index.php/Editorial/catalog/book/269 _yLibro Digital - Redes sociales: Transformando la comunicación digital |
||
| 942 |
_2ddc _cEBOOK |
||
| 999 | _c14469 | ||